Housing plans and green space (Record no. 73125)

MARC details
000 -LEADER
fixed length control field 01064cam a2200205 4500
001 - CONTROL NUMBER
control field WB3929-10
008 - FIXED-LENGTH DATA ELEMENTS--GENERAL INFORMATION
fixed length control field 030729n2003 000 0 eng u
035 ## - SYSTEM CONTROL NUMBER
System control number (Sirsi) u123141
245 ## - TITLE STATEMENT
Title Housing plans and green space
260 ## - PUBLICATION, DISTRIBUTION, ETC.
Date of publication, distribution, etc. 2003
490 ## - SERIES STATEMENT
Series statement Regeneration and Renewal
Volume/sequential designation 25 July 2003, 10(1)
520 ## - SUMMARY, ETC.
Summary, etc. New research by environmental regeneration agency Groundwork argues that the reversal of decline in housing renewal areas is one of the greatest challenges facing the government. The report's recommendation include that the new regional boards should include plans to improve liveability and housing related environment as an integral part of regional housing strategy. For the full report: 'On the home front: improving the housing environment and delivering 'sustainable communities', 'http://www.groundwork.org.uk/policy/reports/Home-Front-0307.doc
590 ## - LOCAL NOTE (RLIN)
Local note WB
650 ## - SUBJECT ADDED ENTRY--TOPICAL TERM
Topical term or geographic name entry element HOUSING STRATEGIES
650 ## - SUBJECT ADDED ENTRY--TOPICAL TERM
Topical term or geographic name entry element REGIONAL HOUSING BOARDS
650 ## - SUBJECT ADDED ENTRY--TOPICAL TERM
Topical term or geographic name entry element GROUNDWORK
650 ## - SUBJECT ADDED ENTRY--TOPICAL TERM
Topical term or geographic name entry element GREEN SPACE
690 ## - LOCAL SUBJECT ADDED ENTRY--TOPICAL TERM (OCLC, RLIN)
Topical term or geographic name as entry element HOUSING-DEVELOPMENT
942 ## - ADDED ENTRY ELEMENTS (KOHA)
Suppress in OPAC 0
Holdings
Withdrawn status Lost status Source of classification or shelving scheme Damaged status Not for loan Home library Current library Shelving location Date acquired Total Checkouts Full call number Barcode Date last seen Copy number Price effective from Koha item type
    Dewey Decimal Classification     London London News article 29/07/2003   WB3929-10 123141-1001 06/08/2019 1 06/08/2019 News article